000 00539nam a2200181Ia 4500
008 151202s9999||||xx |||||||||||||| ||und||
082 _bPNVM-62360
100 _aकांबळी दिवाकर.
245 _aपरळ ‘ 68.
260 _b"आमोद प्रकाशन,मुंबई."
260 _c62360
300 _a150
600 _aकांबळी दिवाकर.
630 _aपरळ ‘ 68.
700 _aकांबळी दिवाकर.
730 _aपरळ ‘ 68.
942 _cBOOK
999 _c1328894
_d1328891